THE CHANGE MANAGEMENT TOOLKIT (Record no. 3019)

MARC details
000 -LEADER
fixed length control field 00422nam a22001697a 4500
005 - DATE AND TIME OF LATEST TRANSACTION
control field 20180813151153.0
008 - FIXED-LENGTH DATA ELEMENTS--GENERAL INFORMATION
fixed length control field 160617b xxu||||| |||| 00| 0 eng d
020 ## - INTERNATIONAL STANDARD BOOK NUMBER
ISBN 981-243-159-6
041 ## - LANGUAGE CODE
Language code of text/sound track or separate title eng
082 ## - DEWEY DECIMAL CLASSIFICATION NUMBER
Item number 8050
Classification number 658.406
100 ## - MAIN ENTRY--AUTHOR NAME
Personal name Carnall, Colin
245 ## - TITLE STATEMENT
Title THE CHANGE MANAGEMENT TOOLKIT
260 ## - PUBLICATION, DISTRIBUTION, ETC. (IMPRINT)
Name of publisher Thomson Learning
Year of publication 2003
Place of publication Australia
300 ## - PHYSICAL DESCRIPTION
Number of Pages 117p,
650 ## - SUBJECT ADDED ENTRY--TOPICAL TERM
Topical Term Management
942 ## - ADDED ENTRY ELEMENTS (KOHA)
Koha item type Books
Holdings
Lost status Damaged status Collection code Home library Current library Shelving location Date acquired Source of acquisition Cost, normal purchase price Full call number Accession Number Koha item type
    MANAGEMENT JRU Library JRU Library SHELF- 66 M 17/06/2016 PURCHASE 525.00 658.406 8050 Books